000 01251nam a2200229Ia 4500
999 _c40177
_d40177
001 6783
003 GE_BSU
005 20190621162818.0
008 181216s1986|||| |||||||||||||| ||geo||
041 _ageo
080 _a621.3.01(075.8) მ-57
100 _aმერაბიშვილი, ა.
_92703
245 _aელექტროტექნიკის თეორიული საფუძვლები(წრფივი ელექტრული წრედების თეორია) : სახელმძღვ. /
_cა.მერაბიშვილი ; გ. ხოსროშვილი ; რედ : მ. ძიძიგური.
264 _aთბილისი :
_bსპი,
_c1986.
300 _a174 გვ .:
_bცხრ; ილ;
_c20 სმ.
504 _aბიბლიოგრ : გვ.170
653 _aელექტროტექნიკის თეორიული საფუძვლები; წრფივი ელექტრული წრედების თეორია.
653 _aტექნიკა
700 _a ხოსროშვილი, გ
_92746
700 _aძიძიგური, მ
_eრედაქტორი
_9472
942 _cBK
_2udc